00405nam a2200121Ia 4500008004100000024004100041082001800082100004500100245005300145260002600198600002100224650003800245260210s9999 xx 000 0 und d a00B-27-BS-44Y & 00B-4Y-BS-4Y a004.67072 OMA aOmair Ahmed Khan & Syed Aamir faysal 0aWeb Based Schedule CV Document Management System aKarachi:bUITU,c2010 aComputer Science aBachelor of Computer Science (BS)